| 000 | 00382nam a2200157Ia 4500 | ||
|---|---|---|---|
| 005 | 20250430023010.0 | ||
| 008 | 240331s9999 xx 000 0 und d | ||
| 020 | _a9559700901 | ||
| 082 |
_bRAM _a891 |
||
| 100 | _aPushpa Ramlani | ||
| 245 | 0 | _aTunweni rathriya | |
| 260 |
_aColombo _bWomen's And Media Collective _c1999 |
||
| 300 | _a87 p ., ( C 2) | ||
| 650 | _aNovel | ||
| 942 | _cL | ||
| 999 |
_c4909 _d4909 |
||